30 Preguntas geografia española dificiles - Estadísticas

Estadísticas generales
  • Esta prueba ha sido intentada 39 veces
  • La puntuación promedio es 7 de 30
Estadísticas de respuestas
Hint Respuesta % Correcto
¿Qué comunidad autónoma es la única de España que posee un territorio insular situado geográficamente en el Mar de Alborán, conocido como la Isla de Alborán? Andalucía
68%
¿Qué isla de las Baleares, la cuarta más grande del archipiélago, está separada de Mallorca por el canal de Freu y destaca por su carácter virgen? Formentera
65%
¿Qué archipiélago e isla, situada frente a las costas de Galicia, fue descrita por Ptolomeo como las Insulae Deorum (Islas de los Dioses) y forma parte de un Parque Nacional? Islas Cíes
65%
Situado en Almería, ¿qué desierto es considerado la única zona propiamente desértica de todo el continente europeo y sirvió de escenario para los spaghetti westerns? Desierto de Tabernas
59%
Conocido por su microclima y la mayor densidad de cerezos de España, ¿qué valle de la provincia de Cáceres vierte sus aguas al río Alagón y celebra la fiesta del Cerezo en Flor? Valle del Jerte
56%
¿Qué isla canaria fue designada en el siglo II d.C. por Ptolomeo como el "Meridiano Cero" (Meridiano de la Isla de Hierro), posición que mantuvo hasta 1884? El Hierro
47%
¿Qué pequeño enclave español en territorio francés, de apenas 12,9 km^2, se mantuvo bajo soberanía española tras el Tratado de los Pirineos de 1659? Llívia
41%
¿Qué mar interior de agua salada en la Región de Murcia es la laguna litoral más grande de España, separada del Mediterráneo por una franja de arena de 22 km? Mar Menor
35%
¿Qué valle del Pirineo Catalán es el único de España que se encuentra en la vertiente norte de la cordillera y, por tanto, sus aguas fluyen hacia el Atlántico a través del río Garona? Valle de Arán
35%
¿Cuál es el nombre del macizo montañoso situado en el extremo oriental de la Cordillera Cantábrica que alberga la mayor profundidad de España en el sistema espeleológico del Cerro del Cuevón? Picos de Europa
29%
¿Qué pequeña península (unida por un tómbolo) en la ciudad de Santander alberga un palacio real y es uno de los puntos geográficos más emblemáticos del Cantábrico? Península de la Magdalena
26%
¿Qué comarca de la provincia de León, declarada Patrimonio de la Humanidad, es el resultado de la mayor explotación de oro a cielo abierto de todo el Imperio Romano? Las Médulas
24%
¿Cuál es el nombre de la depresión endorreica en el valle del Ebro (Aragón) que presenta un paisaje casi lunar y cuyo nombre proviene de la palabra latina para "blanco"? Los Monegros
21%
¿Qué estuario o ría, la más meridional de las Rías Altas, separa las provincias de Lugo y Asturias y es famosa por su gran diversidad de aves migratorias? Ría de Ribadeo
15%
Pregunta Extra sobre PORTUGAL: ¿Qué cabo, situado en el distrito de Lisboa, es famoso por ser el punto más occidental de la Europa continental y fue descrito por Camões como "donde la tierra acaba y el mar comienza"? Cabo da Roca
12%
¿Cuál es el nombre del punto geográfico exacto de la España peninsular donde se registra la mayor insolación anual (más horas de sol), situado en una pedanía de Almería que ostenta el título de ser el lugar más seco de Europa continental? Cabo de Gata
12%
¿Qué paso de montaña (puerto) comunica la Meseta Norte con Asturias a través de la N-630 y es históricamente el eje principal de comunicación de la Vía de la Plata? Puerto de Pajares
12%
De los territorios bajo soberanía española, existe un accidente geográfico (un istmo) que ostenta el récord de ser la frontera terrestre más corta del mundo (apenas 85 metros de longitud). Sin embargo, geográficamente este lugar no era una península, sino una isla, hasta que un evento meteorológico específico en 1934 depositó arena y la unió permanentemente al continente,¿cuál es el nombre de este lugar? El Peñón de Vélez de la Gomera
9%
¿Cuál es el único río de España que desemboca en forma de cascada directamente al Océano Atlántico, situada en la localidad coruñesa de Dumbría? Río Xallas
9%
¿Qué accidente geográfico en la costa de Lugo es conocido como la "frontera de los dos mares", separando el Mar Cantábrico del Océano Atlántico de forma abrupta? Cabo Ortegal
6%
En términos de hidrografía técnica, ¿cuál es el único río de la vertiente cantábrica que, a diferencia de sus vecinos cortos y caudalosos, nace en la vertiente sur de la Cordillera Cantábrica, atraviesa el eje montañoso de sur a norte mediante una profunda cluse y desemboca en la costa de Cantabria? Río Deva
6%
De los tres cabos que tradicionalmente se disputan ser el punto más occidental de la España peninsular, ¿cuál es técnicamente el punto más al oeste Cabo Touriñán
3%
¿Qué pico de la Sierra de Guadarrama, con una altitud de 2.262 m, es famoso por su característica formación rocosa de granito que recuerda a un casco militar de la época de Felipe II? El Yelmo
3%
¿Qué depresión o cuenca en la provincia de Granada, junto con la de Baza, forma uno de los paisajes de badlands más extensos de Europa, rico en yacimientos paleontológicos? Hoya de Guadix
3%
¿Cuál es el nombre de la falla geológica que separa la Cordillera Prebética de la Subbética y que es responsable de la alta sismicidad en el sureste peninsular? Falla de Alhama de Murcia
0%
Pregunta Extra sobre ANDORRA: ¿Cuál es el nombre del punto más alto de este país pirenaico, con una altitud de 2.942 metros, situado en la frontera con Francia? Pico de Comapedrosa
0%
¿Qué pico, situado en el Parque Natural de Redes (Asturias), es conocido como la "Montaña Perfecta" por su forma piramidal casi exacta? Pico Tiatordos
0%
¿Cuál es el nombre del macizo montañoso de la provincia de Ourense donde se encuentra la estación de esquí de Manzaneda y que es el punto más alto del Macizo Galaico? Sierra de Queixa
0%
Pregunta Extra sobre GIBRALTAR: Dentro del Peñón de Gibraltar existe una red de túneles que supera en longitud a la de sus propias carreteras en superficie. ¿Cuál es el nombre del túnel excavado durante la Segunda Guerra Mundial que atraviesa el Peñón de este a oeste y que permite el paso de vehículos militares directamente desde la ciudad hasta la cara de levante (Sandy Bay)? Túnel de Dudley Ward (Dudley Ward Way)
0%
¿Cuál es el nombre del volcán de la isla de La Palma que ostentaba el récord de la erupción más larga de la isla en tiempos históricos hasta la erupción de 2021? Volcán de Fuencaliente
0%
No se encontraron pruebas coincidentes
Distribución de puntuación
Porcentaje de gente con cada puntuación
Porcentaje por número respondido
Historial de tus puntuaciones
No has intentado esta prueba.